| 000 | 01956cam a22004334i 4500 | ||
|---|---|---|---|
| 003 | PE-LiUPU | ||
| 005 | 20250731175640.0 | ||
| 008 | 150706s r 000 0 d | ||
| 020 | _a9781405882163 | ||
| 035 | _a(Sirsi) i9781405882163 | ||
| 040 |
_aPE-LiUPU _bspa _cPE-LiUPU _erda |
||
| 049 | _aPRUA | ||
| 082 | 0 | 4 |
_a428.6461 _bPR4f _221 |
| 100 | 1 |
_aYen Mah, Adeline, _eautor. |
|
| 245 | 1 | 0 |
_aFalling leaves / _cAdeline Yen Mah contada por Sue Harmes. |
| 264 | 1 |
_aHarlow : _bPearson Education, _c2008. |
|
| 300 |
_avii, 77 páginas : _bilustraciones ; _c20 cm. |
||
| 300 | _a03 CD-ROM (1-3) | ||
| 336 |
_atext _2rdacontent |
||
| 337 |
_aunmediated _2rdamedia |
||
| 338 |
_avolume _2rdacarrier |
||
| 490 | 0 |
_aPenguin Readers ; _vLevel 4 |
|
| 505 | 0 | _aChanging iron into gold -- Becoming like each other´s shadows -- Disappearing like a spring dream -- Climbing a tree to look for fish -- Obeying and disobeying -- Offering the same treatment to all? -- Dreaming of magic lands -- Planning a brighter future -- Doing the impossible -- Fighting life´s difficulties alone -- Living a lie -- Discovering heaven in marriage -- Living on cheap tea and plain rice -- Falling leaves return to their roots -- Activities. | |
| 526 | _aP145 | ||
| 526 | _aP127 | ||
| 526 | _aP97 | ||
| 526 | _aP35 | ||
| 526 | _aP14 | ||
| 526 | _aP07 | ||
| 541 | _g002-0046574; | ||
| 650 | 0 | 4 |
_aInglés _vLibros de Lecturas. |
| 700 | 1 | _aHarmes, Sue. | |
| 910 |
_agl _cjck _d20120514 |
||
| 942 |
_2ddc _cBOOK |
||
| 949 |
_a428.6461 PR4F _wDEWEY _c1 _i64627 _lCCODEBUL1 _mBUL _p5.00 _r0 _sY _tBOOK _u2015-7-6 _xEDUCACION _PP20 _o.STAFF. Colección General |
||
| 994 |
_aC0 _bPEPRU |
||
| 596 | _a1 | ||
| 999 |
_a428.6461 PR4F _wDEWEY _c53336 _i64627 _d53336 _f2021-11-8 _g5 _lCCODEBUL1 _mBUL _p5.00 _q1 _r0 _sN _tBOOK _u2015-7-6 _xEDUCACION _PP20 _0COMPRA _o.STAFF. Colección General |
||
| 980 |
_81 _gALBERTO SANCHEZ Responsable de Automatización |
||